LEADER 01379nam0 22003131i 450 001 UON00464415 005 20231205105138.97 010 $a978-88-615-9110-3 100 $a20160204f2009 |0itac50 ba 101 $aita 102 $aIT 105 $a|||| 1|||| 200 1 $aCorpo e poesia nel Novecento italiano$fNiva Lorenzini 210 $aMilano$cB. Mondadori$dc2009 215 $a137 p.$d21 cm. 410 1$1001UON00177226$12001 $aCampus 410 1$1001UON00466756$12001 $aTemi del Novecento$1210 $aMilano$cB. Mondadori 606 $aCORPO UMANO NELLA POESIA ITALIANA$xSec. 20.$3UONC089375$2FI 620 $aIT$dMilano$3UONL000005 676 $a851.09$cPoesia italiana. Storia, descrizione, studi critici$v21 700 1$aLORENZINI$bNiva$3UONV226359$0147114 712 $aBruno Mondadori$3UONV269427$4650 801 $aIT$bSOL$c20240220$gRICA 899 $aSIBA - SISTEMA BIBLIOTECARIO DI ATENEO$2UONSI 912 $aUON00464415 950 $aSIBA - SISTEMA BIBLIOTECARIO DI ATENEO$dSI LeItalie I LOR $eSI 16625 5 951 $aSIBA - SISTEMA BIBLIOTECARIO DI ATENEO$bSI2016235 1J 20160204 996 $aCorpo e poesia nel Novecento italiano$91110440 997 $aUNIOR LEADER 01765nas 2200529- 450 001 9910679630103321 005 20230822001921.0 011 $a2389-8844 035 $a(OCoLC)947091675 035 $a(CKB)3710000000363767 035 $a(CONSER)--2016247576 035 $a(DE-599)ZDB2927873-9 035 $a(EXLCZ)993710000000363767 100 $a20160109a20039999 s-- - 101 0 $aspa 135 $aur|nu|||||||| 181 $ctxt$2rdacontent 182 $cc$2rdamedia 183 $acr$2rdacarrier 200 00$aEquidad & desarrollo 210 $aBogotá D.C., Colombia $cUniversidad de la Salle$d2003- 215 $a1 online resource 300 $aRefereed/Peer-reviewed 300 $a"Área de ciencias económicas, administrativas y contables." 311 08$a1692-7311 311 08$aTambién se puede consultar en la página web de la Revista 517 1 $aEquidad y desarrollo 606 $aEconomics$zColombia$vPeriodicals 606 $aManagement$zColombia$vPeriodicals 606 $aEconomic development$zColombia$vPeriodicals.? HD72? 606 $aEconomic development$2fast$3(OCoLC)fst00901785 606 $aEconomics$2fast$3(OCoLC)fst00902116 606 $aManagement$2fast$3(OCoLC)fst01007141 607 $aColombia$2fast 608 $aPeriodicals.$2fast 615 0$aEconomics 615 0$aManagement 615 0$aEconomic development 615 7$aEconomic development. 615 7$aEconomics. 615 7$aManagement. 712 02$aUniversidad de La Salle (Bogotá, Colombia), 712 02$aUniversidad de La Salle (Bogotá, Colombia).$bFacultad de Ciencias Económicas y Sociales, 906 $aJOURNAL 912 $a9910679630103321 996 $aEquidad & desarrollo$93073699 997 $aUNINA